| 000 | 01174nam a22002417a 4500 | ||
|---|---|---|---|
| 005 | 20121010141910.0 | ||
| 008 | 121010t xxu||||| |||| 00| 0 mar d | ||
| 010 | _aMAR-22780 | ||
| 020 | _c200.00 | ||
| 035 | _aMR-15438 | ||
| 037 | _bDBAD/PUB | ||
| 040 |
_aDPL _bMR |
||
| 082 | _a891.46301 | ||
| 100 | _953016 | ||
| 245 |
_aशिंपण / _cरामदास भटकळ द्वारा संपादित |
||
| 246 |
_aShinpan _bedited by Ramdass Bhatkal |
||
| 260 |
_aमुंबई _bनवचैतन्य प्रकाशन _c2012 |
||
| 270 |
_bमुंबई _aन्यू गजांत को.ऑप.हौ.सो.लि.ब्लॉक नं. सी / 11,तळमजला,कोसांगोनगर,फ्लायओव्हरखाली,एस्.व्ही.रोड _e400092 |
||
| 300 |
_aपंधरा,184पृ _c21सेमी(अजिल्द) |
||
| 650 | _953690 | ||
| 942 |
_2ddc _cMR _mशिंपण _h891.463092 |
||
| 999 |
_c71552 _d71552 |
||